01181cam a22002655a 4500999001700000005001700017008004100034020001800075040005200093082002100145100002300166245012000189260005400309300003600363504005100399650005400450650005900504651001000563653002100573700002700594700002800621776014700649942000800796952011100804 c27563d2753420190625104448.0100719t2010 enka frb 001 0 eng d z9780521734974 aN$TbengcN$TdYDXCPdE7BdCDXdOCLCQdEG-ScBUE04a658.049222bSTE1 aSteers, Richard M.10aManagement across cultures :bchallenges and strategies /cRichard M. Steers, Carlos Sanchez-Runde, Luciara Nardon. aCambridge :bCambridge University Press,cc.2010. axviii, 439 p. :bill. ;c24 cm. aIncludes bibliographical references and index. 7aManagementvCross-cultural studies.2BUEsh929351 7aInternational business enterprisesxManagement.2BUEsh 2BUEsh bBUSADMcJune20191 aSanchez-Runde, Carlos.1 aNardon, Luciara,d1972-08iPrint version:aSteers, Richard M.tManagement across cultures.dCambridge : Cambridge University Press, 2010z9780521513432w(OCoLC)465366201 2ddc 00102ddc4070aMAINbMAINc1STd2019-06-25eDonationl0o658.049 STEp000044683r2025-07-15 00:00:00yBB